000 00919nam a22002777a 4500
001 7013
003 FISKH
005 20250617134535.0
008 250617b cb ||||| |||| 00| 0 eng d
020 _a9780194309271
040 _aFISKH
_beng
_cFISKH
_dFISKH
050 _aPE1128.S7344
082 _a 428.6
100 _aStamper, Judith Bauer
245 _aOut the window! /
_cby Judith Bauer Stamper ; Illustrated by Sally Springer
260 _aNew York :
_bOxford Press,
_c2005.
300 _a14 pages :
_bcolor illustrations ;
_c25 cm
505 _aD
520 _aStories based on The Oxford Picture Dictionary for Kids enhance children's vocabulary and reading skills.
521 8 _a160
_bLexile
521 8 _aD
_bRaz-Plus
650 _aEarly Literacy
_vVocabulary Building
_xEmergent Reader
650 _aPicture Book
_vLanguage Development
942 _2ddc
_cBK
_n0
999 _c7013
_d7013